Responses for show #4824 - Thursday, July 21, 2005

David Madden game 13.

Contestants

[<< previous game]

Britney Harris, a dance/movement therapist originally from West Union, West Virginia

Aaron Schnier, a restaurant manager from Lincoln, Nebraska

David Madden, a student originally from Ridgewood, New Jersey (whose 12-day cash winnings total $280,101)

[next game >>]

Jeopardy! Round responses

1980s BESTSELLERS
TV CHARACTERS
TRICKY QUESTIONS
NAME THE WAR
SOUND TECHNOLOGY
"EQ" TEST
    $200 10
Silence of the Lambs

Aaron
    $200 15
the Bionic Woman (Jaime Sommers)

Britney
    $200 23
30 years

Aaron
    $200 5
World War II

David
    $200 22
a modem

Britney
    $200 21
the Equator

Aaron
    $400 11
(Lee) Iacocca

David
    $400 16
(David: Who is Tony Soprano?)

Joey (Tribbiani)

DavidAaron
    $400 24
second place

Aaron
    $400 4
the Vietnam War

Aaron
    $400 27
(Britney: What is a lighthouse?)

a foghorn

Britney
Triple Stumper
    $400 9
equity

Aaron
    $600 12
Pet Sematary

Aaron
    $600 17
(Britney: Who is Hawkeye Pierce?)
...
(Alex: Who was the other one--[*].)

Trapper John

Britney
Triple Stumper
    $600 25
1 day

Aaron
    $600 3
World War I

David
    $600 28
Tickle Me Elmo

Aaron
    $600 8
equidistant

Aaron
    $800 13
Jackie

Triple Stumper
    $800 18
T.J. Hooker

Aaron
    $800 26
(David: What is 3?)

0

DavidAaron
    $800 1
the Spanish-American War

David
    $800 29
Nextel

Triple Stumper
    $800 6
equivocate

David
    $1000 14
Sidney Sheldon

Britney
    $1000 19
Dr. Kerry Weaver

Triple Stumper
    $1000 20
(Alex: I can smell the wood burning. It's [*].)

Chad

Triple Stumper
    $1000 2
the Mexican-American War

David
    $1000 30
TiVo

Triple Stumper
    $1,400 7
(Alex: Sarah just wasted some good champagne.)

equilibrium

David

Scores at the first commercial break (after clue 14):

David Aaron Britney
$5,200 $2,200 $1,000

Scores at the end of the Jeopardy! Round:

David Aaron Britney
$4,000 $6,200 $400

Double Jeopardy! Round responses

GREEK GODS & GODDESSESS
THE WORLD OF NAT KING COLE
WHAT A COUNTRY!
CALL ME CHARLES
SEEING THE LIGHT
UNKNOWN SPANIARDS
(Alex: These are really unknown Spaniards, but like El Greco and El Cid, each name begins with El.)
    $400 3
Hades

David
    $400 21
"Mona Lisa"

David
    $400 9
Egypt

David
    $400 13
(Alex: Yes, the lion was stretching.)

Charles Atlas

David
    $400 1
the atomic bomb

Britney
    $400 15
El Igible

Britney
    $800 12
Poseidon

David
    $800 22
"When I Fall In Love"

Britney
    $800 11
Iceland

David
    $800 14
Black Bart

Triple Stumper
    $800 2
Romeo

Aaron
    $800 19
El Ementary

Britney
    $1200 5
Hermes

David
    $1200 25
"Straighten Up And Fly Right"

Triple Stumper
    $1200 7
Hungary

David
    $1200 28
Charles Guiteau

David
    $1200 16
the light at the end of the tunnel

Triple Stumper
    $1200 20
El Astic

David
    $1600 4
Aphrodite

David
    $1600 26
(Aaron: What is "Route 66"?)
(Alex: Little more.)
(Aaron: What is "Take Route 66"?)

"Get Your Kicks On Route 66"

AaronBritney
    $3,000 8
Sierra Leone

David
    $1600 29
Charles Bulfinch

Triple Stumper
    $1600 17
(Handel's) Messiah

Britney
    $1600 23
El Oquent

Aaron
    $4,000 6
Hephaestus

David
    $2000 27
(Britney: What is "Face The Music And Dance"? [*]?)
(Alex: Okay! Good girl.)

"Let's Face The Music And Dance"

Britney
    $2000 10
Slovenia

David
    $2000 30
Charles Starkweather

Aaron
    $2000 18
(Britney: What is "my beacon"?)

"a lamp unto my feet"

Britney
Triple Stumper
    $2000 24
(Alex: [To Britney] Hey, you did well. Boy, I bet you were hoping that we had had a whole board of UNKNOWN SPANIARDS.)

El Usive

Britney

Scores at the end of the Double Jeopardy! Round:

David Aaron Britney
$22,600 $9,000 $8,000
(lock game)

[wagering suggestions for these scores]

Final Jeopardy! Round responses

LITERARY FIREARMS
(Alex: [To Aaron] Yes, the Walther PPK.)
...
(Alex: [To David] Who is...)
(David: J period Bond.)
(Alex: J period Bond. You were going for Hercule Poirot before that.)
...
(Alex: The kid's on a roll, isn't he? Come and see us again next time. We'll see how he fares.)
BritneyWho is Pinkerton?
$2,000
AaronWho James Bond?
$9,000
DavidWho is Hercule Po J. Bond
$2,400
James Bond

Final scores:

David Aaron Britney
$25,000 $18,000 $6,000
13-day champion: $305,101 2nd place: $2,000 3rd place: $1,000

Game dynamics:

Coryat scores:

David Aaron Britney
$18,800 $9,000 $8,000
21 R
(including 3 DDs),
2 W
16 R,
1 W
11 R,
3 W

Combined Coryat: $35,800

The J! Archive is created by fans, for fans. The Jeopardy! game show and all elements thereof, including but not limited to copyright and trademark thereto, are the property of Jeopardy Productions, Inc. and are protected under law. This website is not affiliated with, sponsored by, or operated by Jeopardy Productions, Inc. Join the discussion at JBoard.tv.